000 00717nam a2200181Ia 4500
008 090630s9999 xx 000 0 und d
082 _b20048
100 _aवडगबाळकर श्रुती श्री.
245 _aपारवा गोड झाला.
_cवडगबाळकर श्रुती श्री.
260 _bअक्षय - पुणे.
_c2001
300 _a22
600 _aवडगबाळकर श्रुती श्री.
630 _aपारवा गोड झाला.
655 _aबालवाङमय.
700 _aवडगबाळकर श्रुती श्री.
730 _aपारवा गोड झाला.
942 _cBOOK
999 _c271904
_d271904